000 004020000a22001570004500
003 LK-CoMWRAF
008 230817t ||||| |||| 00| 0 eng d
040 _aLK-CoMWRAF
_dLK-CoMWRAF
_eLK-CoMWRAF
041 _aeng
082 _a420
_bAGR
245 _aThe Agreement
_bAgreement reached in the multi-party negotiation
260 _aIreland
300 _ap.30
650 _aNothern Ireland
942 _cBK
999 _c3064
_d3064